书目信息 |
| 题名: |
古地理学
|
|
| 作者: | 周廷儒 著 | |
| 分册: | ||
| 出版信息: | 北京 北京师范大学出版社 1982 |
|
| 页数: | 342页 | |
| 开本: | 21cm | |
| 丛书名: | ||
| 单 册: | ||
| 中图分类: | P531 | |
| 科图分类: | ||
| 主题词: | 古地理学 | |
| 电子资源: | ||
| ISBN: | ||
| 000 | 00588nam0 2200229 45 | |
| 001 | 0182005424 | |
| 005 | 20060410152715.53 | |
| 010 | @dCNY1.50 | |
| 091 | @a12243.1 | |
| 100 | @a19950530d1982 em y0chiy0121 ea | |
| 101 | 0 | @achi |
| 102 | @aCN@b110000 | |
| 105 | @ay z 000yy | |
| 200 | 10 | @a古地理学@Agu di li xue@f周廷儒著@Fzhou ting ru zhu |
| 210 | @a北京@c北京师范大学出版社@d1982 | |
| 215 | @a342页@d21cm | |
| 606 | @a古地理学 | |
| 690 | @aP531@v4 | |
| 701 | 0 | @a周廷儒@Azhou ting ru@4著 |
| 801 | 2 | @aCN@bNLC@c20060410 |
| 801 | 0 | @aCN@b上海图书馆@c20040524 |
| 905 | @dP531@e3 | |
| 古地理学/周廷儒著.-北京:北京师范大学出版社,1982 |
| 342页;21cm |
| ISBN :CNY1.50 |
| ● |
| 相关链接 |
|
|
|
|
正题名:古地理学
索取号:P531/3
 
预约/预借
| 序号 | 登录号 | 条形码 | 馆藏地/架位号 | 状态 | 备注 |
| 1 | 0089174 | 001948824 | 第三借阅区/ [索取号:P531/3] | 在馆 | |
| 2 | 0089175 | 000074270 | 密集书库/ [索取号:P531/3] | 在馆 | |
| 3 | 0089176 | 202220890 | 密集书库/ [索取号:P531/3] | 在馆 | |
| 4 | 0156929 | 000074261 | 密集书库/ [索取号:P531/3] | 在馆 | |
| 5 | 0156930 | 001947978 | 密集书库/ [索取号:P531/3] | 在馆 | |
| 6 | 0174579 | 000074298 | 密集书库/ [索取号:P531/3] | 在馆 | |
| 7 | 0174580 | 000074289 | 第二样本阅览室/ [索取号:P531/3] | 在馆 |